[Event "NED-chT 1718"]
[Site "Netherlands"]
[Date "2017.12.16"]
[Round "5.9"]
[White "Schippers, Maurice"]
[Black "Peters, Luuk"]
[Result "1-0"]
[WhiteElo "2289"]
[BlackElo "2201"]
[PlyCount "77"]
[EventDate "2017.09.16"]
[EventType "team-tourn"]
[EventRounds "9"]
[EventCountry "NED"]
[SourceTitle "EXT 2019"]
[Source "ChessBase"]
[SourceDate "2018.10.10"]
[SourceVersion "1"]
[SourceVersionDate "2018.10.10"]
[SourceQuality "1"]
[WhiteTeam "Groningen Combinatie"]
[BlackTeam "SISSA"]
[WhiteTeamCountry "NED"]
[BlackTeamCountry "NED"]

1. e4 d5 2. exd5 Qxd5 3. Nc3 Qd6 4. d4 Nf6 5. Nf3 c6 6. Ne5 Nbd7 7. Bf4 Nd5 8. Nxd5 Qxd5 9. Nf3 Nf6 10. Be2 Bf5 11. c4 Qe4 12. Bg3 Qc2 13. Qxc2 Bxc2 14. 0-0 e6 15. Rfc1 Bf5 16. a3 Rd8 17. Bf4 Bd6 18. Be3 Bb8 19. h3 h6 20. b4 0-0 21. Ra2 Rfe8 22. a4 a6 23. Rb2 Re7 24. b5 axb5 25. axb5 cxb5 26. Rxb5 Be4 27. Ne5 Nd7 28. Bf3 Nf6 29. Rb3 Ba7 30. Bxe4 Nxe4 31. c5 Bb8 32. Nf3 Rc8 33. Rcb1 e5 34. Rxb7 Rxb7 35. Rxb7 exd4 36. Bxd4 Bf4 37. Rb4 Bd2 38. Nxd2 Nxd2 39. Be3 1-0

[Event "NED-chT 1718"]
[Site "Netherlands"]
[Date "2017.09.23"]
[Round "2.10"]
[White "Broekmeulen, Jasper"]
[Black "Peters, Luuk"]
[Result "1-0"]
[WhiteElo "2399"]
[BlackElo "2201"]
[PlyCount "77"]
[EventDate "2017.09.16"]
[EventType "team-tourn"]
[EventRounds "9"]
[EventCountry "NED"]
[SourceTitle "EXT 2019"]
[Source "ChessBase"]
[SourceDate "2018.10.10"]
[SourceVersion "1"]
[SourceVersionDate "2018.10.10"]
[SourceQuality "1"]
[WhiteTeam "Calder HMC"]
[BlackTeam "SISSA"]
[WhiteTeamCountry "NED"]
[BlackTeamCountry "NED"]

1. b3 Nf6 2. Bb2 g6 3. Bxf6 exf6 4. c4 Bg7 5. Nc3 d6 6. e3 0-0 7. g3 f5 8. Nge2 Nd7 9. Bg2 c6 10. 0-0 Re8 11. b4 a6 12. a4 Nf6 13. Rb1 Be6 14. b5 axb5 15. axb5 Qc7 16. d3 Ra3 17. Qd2 Rea8 18. Rfc1 Nd7 19. bxc6 bxc6 20. Nd4 R8a6 21. Nd5 Bxd5 22. cxd5 c5 23. Nc6 Ra2 24. Qd1 Bf6 25. Nb4 Qa7 26. Nxa2 Rxa2 27. Qb3 Ne5 28. Bf1 Kg7 29. Rc2 Ra3 30. Qb5 Qa8 31. Be2 Qxd5 32. d4 Nf3+ 33. Bxf3 Qxf3 34. dxc5 dxc5 35. Qxc5 Rd3 36. Qc6 Qg4 37. Rb7 f4 38. Rxf7+ Kxf7 39. Qc4+ 1-0